[Event "Voronezh op-B"]
[Site "Voronezh"]
[Date "2008.06.19"]
[Round "8"]
[White "Bazarov, Konstantin"]
[Black "Magrifin, Iljanur"]
[Result "1-0"]
[WhiteElo "2234"]
[BlackElo "2167"]
[PlyCount "71"]
[EventDate "2008.06.12"]
[EventType "swiss"]
[EventRounds "9"]
[EventCountry "RUS"]
[SourceTitle "CBM 125 Extra"]
[Source "ChessBase"]
[SourceDate "2008.09.01"]
[SourceVersion "1"]
[SourceVersionDate "2008.09.01"]
[SourceQuality "1"]

1. d4 Nf6 2. c4 c5 3. d5 e6 4. Nc3 exd5 5. cxd5 d6 6. Nf3 g6 7. Bg5 h6 8. Bh4 g5 9. Bg3 Nh5 10. Qa4+ Bd7 11. Qe4+ Qe7 12. Bxd6 Qxe4 13. Nxe4 f5 14. Bxb8 fxe4 15. Be5 Rh7 16. Nd2 Bf5 17. e3 0-0-0 18. Bc4 Bg7 19. Bxg7 Rxg7 20. 0-0-0 Nf6 21. Nf1 Ng4 22. Rd2 Bh7 23. Ng3 Rf8 24. d6 Kd8 25. h3 Ne5 26. Bd5 Nd3+ 27. Kb1 Rxf2 28. Rxf2 Nxf2 29. Rf1 Nd3 30. Be6 Bg6 31. Rf8+ Be8 32. Nh5 Re7 33. dxe7+ Kxe7 34. Rxe8+ Kxe8 35. Bd5 Nf2 36. Nf6+ 1-0

[Event "Voronezh op-B"]
[Site "Voronezh"]
[Date "2008.06.17"]
[Round "6"]
[White "Petrova, Olga"]
[Black "Magrifin, Iljanur"]
[Result "0-1"]
[WhiteElo "2110"]
[BlackElo "2167"]
[PlyCount "72"]
[EventDate "2008.06.12"]
[EventType "swiss"]
[EventRounds "9"]
[EventCountry "RUS"]
[SourceTitle "CBM 125 Extra"]
[Source "ChessBase"]
[SourceDate "2008.09.01"]
[SourceVersion "1"]
[SourceVersionDate "2008.09.01"]
[SourceQuality "1"]

1. e4 c5 2. Nf3 Nc6 3. d4 cxd4 4. Nxd4 g6 5. Nc3 Bg7 6. Be3 Nf6 7. Be2 0-0 8. Nb3 a6 9. 0-0 b5 10. a3 Bb7 11. f4 d6 12. Bf3 Qc7 13. Qe1 b4 14. Nd5 Nxd5 15. exd5 Nd8 16. Qxb4 Bxb2 17. Rab1 Bf6 18. c4 Bc8 19. Na5 Bf5 20. Bb6 Qd7 21. Rbd1 Bc2 22. Rd2 Ba4 23. Bd1 Bxd1 24. Rfxd1 Rb8 25. Qb3 Nb7 26. Nc6 Nc5 27. Qb4 Rb7 28. Rb1 Qf5 29. Na5 Rbb8 30. Nc6 Nd7 31. Nxb8 Rxb8 32. Rf1 Rxb6 33. Qa5 Rb1 34. g3 Rxf1+ 35. Kxf1 Qb1+ 36. Kf2 Nc5 0-1

[Event "Voronezh op-B"]
[Site "Voronezh"]
[Date "2008.06.15"]
[Round "4"]
[White "Polyansky, Viktor"]
[Black "Magrifin, Iljanur"]
[Result "0-1"]
[WhiteElo "2076"]
[BlackElo "2167"]
[PlyCount "78"]
[EventDate "2008.06.12"]
[EventType "swiss"]
[EventRounds "9"]
[EventCountry "RUS"]
[SourceTitle "CBM 125 Extra"]
[Source "ChessBase"]
[SourceDate "2008.09.01"]
[SourceVersion "1"]
[SourceVersionDate "2008.09.01"]
[SourceQuality "1"]

1. e4 c5 2. Nf3 Nc6 3. d4 cxd4 4. Nxd4 g6 5. Be3 Bg7 6. Bc4 Nf6 7. Nc3 Qa5 8. 0-0 0-0 9. Nb3 Qc7 10. Be2 d6 11. f4 Be6 12. Nd5 Bxd5 13. exd5 Na5 14. Nxa5 Qxa5 15. c4 Rfc8 16. a3 Qc7 17. Rc1 a5 18. Qe1 a4 19. Qh4 Re8 20. Bd4 Nd7 21. Bxg7 Kxg7 22. Kh1 Qb6 23. Rc2 Qd4 24. Rc3 Qf6 25. Qf2 Nc5 26. Rc2 Ra6 27. g4 Kh8 28. g5 Qg7 29. Bf3 Rb6 30. Re1 Rb3 31. Bg4 h5 32. gxh6 Qxh6 33. f5 Nd3 34. Qd4+ Ne5 35. c5 Rg8 36. Rxe5 dxe5 37. Qxe5+ f6 38. Qxe7 gxf5 39. Bxf5 Rxb2 0-1

[Event "Voronezh op-B"]
[Site "Voronezh"]
[Date "2008.06.14"]
[Round "3"]
[White "Magrifin, Iljanur"]
[Black "Cherednichenko, Viktor"]
[Result "1-0"]
[WhiteElo "2167"]
[BlackElo "1959"]
[PlyCount "65"]
[EventDate "2008.06.12"]
[EventType "swiss"]
[EventRounds "9"]
[EventCountry "RUS"]
[SourceTitle "CBM 125 Extra"]
[Source "ChessBase"]
[SourceDate "2008.09.01"]
[SourceVersion "1"]
[SourceVersionDate "2008.09.01"]
[SourceQuality "1"]

1. Nf3 Nf6 2. g3 b6 3. Bg2 Bb7 4. 0-0 c5 5. c4 e6 6. b3 Be7 7. Bb2 0-0 8. e3 Nc6 9. Nc3 d5 10. cxd5 Nxd5 11. Nxd5 exd5 12. d4 Bf6 13. Qd2 Ba6 14. Rfe1 Rc8 15. dxc5 Bxb2 16. Qxb2 bxc5 17. Red1 Re8 18. Rd2 Re6 19. Rad1 Rd6 20. h4 f6 21. Bh3 Ne7 22. Ne1 Rc7 23. Bg2 Rcd7 24. Nd3 Qb6 25. Qa3 Rc7 26. Qa4 Rcd7 27. h5 c4 28. Nf4 Bb5 29. Qb4 Nc6 30. Qc3 d4 31. exd4 Rxd4 32. bxc4 Ba4 33. c5 1-0

[Event "Togliatti"]
[Site "Togliatti"]
[Date "2008.06.06"]
[Round "9"]
[White "Magrifin, Iljanur"]
[Black "Ryabuh, Dmitry"]
[Result "1/2-1/2"]
[WhiteElo "2167"]
[BlackElo "2185"]
[PlyCount "131"]
[EventDate "2008.05.29"]
[EventType "tourn"]
[EventRounds "11"]
[EventCountry "RUS"]
[EventCategory "1"]
[SourceTitle "CBM 124 Extra"]
[Source "ChessBase"]
[SourceDate "2008.07.03"]
[SourceVersion "1"]
[SourceVersionDate "2008.07.03"]
[SourceQuality "1"]

1. e4 c6 2. Ne2 d5 3. e5 Bg4 4. c3 Qb6 5. Qa4 Bd7 6. d4 e6 7. Qb3 Qxb3 8. axb3 c5 9. Be3 cxd4 10. Nxd4 a6 11. Nd2 Nc6 12. Nxc6 Bxc6 13. Nf3 Rc8 14. b4 Ne7 15. Nd4 Bd7 16. f4 Nc6 17. Nb3 f6 18. exf6 gxf6 19. Be2 h5 20. Bf3 Ne7 21. 0-0 Nf5 22. Bf2 Kf7 23. g3 Rc7 24. Bb6 Rc6 25. Bd4 Bc8 26. Rfe1 Bd6 27. Bf2 Rc7 28. Rad1 Re7 29. Rd2 Ree8 30. Nd4 Kg6 31. Nxf5 Kxf5 32. Bd1 Kg6 33. Bc2+ f5 34. Bd4 Rhg8 35. Kf2 h4 36. Kf3 Kf7 37. Rg2 Rg4 38. h3 Rxg3+ 39. Rxg3 hxg3 40. Kxg3 Be7 41. Kf3 Rg8 42. Rg1 Rxg1 43. Bxg1 Bf6 44. Ba4 b5 45. Bd1 Bd7 46. Ke3 Kg7 47. Kd3 Bc6 48. Bf2 Bd8 49. h4 Be8 50. Bf3 Kh6 51. b3 Bh5 52. Bg2 Bd1 53. Be1 Bxb3 54. Kd4 Be7 55. Bd2 Bd6 56. Bf3 Bc2 57. Ke3 Bb3 58. Kf2 Bc4 59. Kg3 Kg6 60. h5+ Kh6 61. Be3 Bf8 62. Bc5 Bg7 63. Bd4 Bd3 64. Kh4 Be4 65. Be2 Bxd4 66. cxd4 1/2-1/2